[Event "St Petersburg Korchnoi Memorial op"]
[Site "St Petersburg"]
[Date "2024.08.22"]
[Round "9"]
[White "Kozhevnikov, Denis M"]
[Black "Baltin, David"]
[Result "1-0"]
[WhiteElo "1839"]
[BlackElo "1710"]
[PlyCount "119"]
[EventDate "2024.08.17"]
[EventType "swiss"]
[EventRounds "9"]
[EventCountry "RUS"]
[SourceTitle "EXT 2025"]
[Source "ChessBase"]
[SourceDate "2024.10.14"]
[SourceVersion "1"]
[SourceVersionDate "2024.10.14"]
[SourceQuality "1"]

1. e4 c5 2. Nf3 Nc6 3. Bb5 d6 4. 0-0 Bd7 5. Re1 g6 6. Nc3 Bg7 7. Bxc6 Bxc6 8. e5 e6 9. exd6 Qxd6 10. d3 Nf6 11. Ne5 0-0 12. Nxc6 Qxc6 13. Qe2 Rac8 14. Bf4 Nd5 15. Be5 f6 16. Nxd5 Qxd5 17. Bc3 e5 18. Qe4 Qf7 19. f4 f5 20. Qa4 exf4 21. Qxf4 Bxc3 22. bxc3 Rce8 23. Qd6 b6 24. a4 f4 25. c4 f3 26. gxf3 Qxf3 27. Qd5+ Qxd5 28. cxd5 Rd8 29. c4 Rf4 30. Re7 Rf7 31. Rae1 Rd7 32. Rxd7 Rxd7 33. Kf2 Kf7 34. Kf3 Kf6 35. Kf4 Rd6 36. Re8 Rd7 37. Re6+ Kf7 38. Kg5 Kg7 39. Rc6 Rf7 40. d6 h6+ 41. Kg4 h5+ 42. Kg3 Kf6 43. Rc7 Rf8 44. Rxa7 Re8 45. Kf3 Re6 46. d7 Rd6 47. Ke4 Rd4+ 48. Ke3 Ke7 49. a5 bxa5 50. Rxa5 Kxd7 51. Rxc5 Rh4 52. Rg5 Rxh2 53. Rxg6 Rh4 54. d4 Rh1 55. Ke4 h4 56. Kd5 h3 57. Rg7+ Kd8 58. Rh7 h2 59. c5 Kc8 60. Kc6 1-0

[Event "St Petersburg Korchnoi Memorial op"]
[Site "St Petersburg"]
[Date "2024.08.19"]
[Round "5"]
[White "Druchinin, Semen"]
[Black "Baltin, David"]
[Result "0-1"]
[WhiteElo "1911"]
[BlackElo "1710"]
[PlyCount "50"]
[EventDate "2024.08.17"]
[EventType "swiss"]
[EventRounds "9"]
[EventCountry "RUS"]
[SourceTitle "EXT 2025"]
[Source "ChessBase"]
[SourceDate "2024.10.14"]
[SourceVersion "1"]
[SourceVersionDate "2024.10.14"]
[SourceQuality "1"]

1. e4 c5 2. Nf3 Nc6 3. d4 cxd4 4. Nxd4 e5 5. Nb5 d6 6. N1c3 a6 7. Na3 b5 8. Nd5 f5 9. Be3 Rb8 10. exf5 Bxf5 11. Qf3 Nge7 12. Nxe7 Nxe7 13. 0-0-0 Qd7 14. Be2 d5 15. Bc5 Be4 16. Qb3 Rc8 17. Bxe7 Bxe7 18. Bf3 Bxf3 19. Qxf3 b4 20. Nb1 Bg5+ 21. Nd2 Qc6 22. Qb3 0-0 23. f3 a5 24. Kb1 a4 25. Qd3 Rf4 0-1

[Event "St Petersburg Korchnoi Memorial op"]
[Site "St Petersburg"]
[Date "2024.08.17"]
[Round "2"]
[White "Baltin, David"]
[Black "Ivanov, Sergei V"]
[Result "0-1"]
[WhiteElo "1710"]
[BlackElo "2010"]
[PlyCount "89"]
[EventDate "2024.08.17"]
[EventType "swiss"]
[EventRounds "9"]
[EventCountry "RUS"]
[SourceTitle "CBM 221 Extra"]
[Source "ChessBase"]
[SourceDate "2024.09.30"]
[SourceVersion "1"]
[SourceVersionDate "2024.09.30"]
[SourceQuality "1"]

1. d4 Nf6 2. c4 e6 3. Nc3 d5 4. Nf3 c5 5. e3 a6 6. cxd5 Nxd5 7. dxc5 Bxc5 8. Nxd5 exd5 9. a3 0-0 10. Be2 Nc6 11. b4 Bb6 12. Ra2 Qf6 13. Rd2 Be6 14. Bb2 Qh6 15. Nd4 Rfe8 16. 0-0 Bc7 17. g3 Bh3 18. Re1 Ne5 19. Bf3 Be6 20. Bg2 Rad8 21. Qc2 Bb8 22. Nf3 Nc4 23. Rd4 Rc8 24. Rh4 Qg6 25. Qxg6 hxg6 26. Bc1 Ne5 27. Rd4 Rc2 28. Rd2 Rec8 29. Rxc2 Rxc2 30. Nd4 Rc8 31. Bf1 Ba7 32. Kg2 Bf5 33. Nxf5 gxf5 34. Rd1 f6 35. Bb2 Rc2 36. Bd4 Bxd4 37. Rxd4 Ng4 38. Kg1 Nxf2 39. Rxd5 Ng4 40. Rxf5 Nxe3 41. Rc5 Ra2 42. Rc8+ Kf7 43. Rc7+ Kf8 44. Bh3 f5 45. Rc3 0-1

[Event "St Petersburg Korchnoi Memorial op"]
[Site "St Petersburg"]
[Date "2024.08.17"]
[Round "1"]
[White "Budnik, Artur"]
[Black "Baltin, David"]
[Result "0-1"]
[WhiteElo "1606"]
[BlackElo "1710"]
[PlyCount "100"]
[EventDate "2024.08.17"]
[EventType "swiss"]
[EventRounds "9"]
[EventCountry "RUS"]
[SourceTitle "CBM 221 Extra"]
[Source "ChessBase"]
[SourceDate "2024.09.30"]
[SourceVersion "1"]
[SourceVersionDate "2024.09.30"]
[SourceQuality "1"]

1. Nf3 d5 2. g3 c5 3. Bg2 Nf6 4. 0-0 e6 5. d3 Bd6 6. c4 0-0 7. cxd5 Nxd5 8. Nc3 Nxc3 9. bxc3 Nc6 10. Nd2 Qc7 11. Bb2 e5 12. c4 f5 13. Nb1 Be6 14. Nc3 a6 15. Nd5 Bxd5 16. Bxd5+ Kh8 17. a4 Rae8 18. e3 Nb4 19. Bg2 e4 20. dxe4 fxe4 21. Bc3 Be5 22. Bxe5 Qxe5 23. Rb1 Rf7 24. Qg4 h5 25. Qh4 g6 26. g4 Rh7 27. h3 a5 28. Rfd1 g5 29. Qg3 Qxg3 30. fxg3 hxg4 31. hxg4 Re6 32. Kf2 Rf7+ 33. Ke2 Kg7 34. Rd8 b6 35. Rbd1 Na2 36. R1d6 Rfe7 37. Rxe6 Rxe6 38. Kd2 Nb4 39. Rd7+ Kf6 40. Bh1 Nc6 41. Bg2 Ne5 42. Rh7 Nxc4+ 43. Ke2 Nb2 44. Rh6+ Kf7 45. Rxe6 Kxe6 46. Bxe4 Nxa4 47. Bc6 Nc3+ 48. Kd3 Nd5 49. Bb5 Ke5 50. e4 Nf6 0-1